| 000 | 01003cam a2200217 4500 | ||
|---|---|---|---|
| 001 | WB3822-26 | ||
| 008 | 020619n2002 000 0 eng u | ||
| 035 | _a(Sirsi) u118467 | ||
| 245 | _aExodus of farmers | ||
| 260 | _c2002 | ||
| 490 |
_aNFU Press Release _v 18 June 2002, (2) |
||
| 520 | _aLaunching 'UK Agriculture Review: Farming in Crisis', NFU warns that farmers have lost confidence in the future and government's commitment to them. The depressing state of the UK farming industry is illustrated by figures such as, 60 000 farmers and workers leaving the industry since 1988 and the value of farmers assets plunging by £1bn while their debts rose by £700 million. For NFU Press Release: http://www.nfu.org.uk/pr/4026896/stateofind2002.htm | ||
| 590 | _aWB | ||
| 650 | _aFARMING FINANCE | ||
| 650 | _aFARM INCOMES | ||
| 650 | _aAGRICULTURE CRISIS | ||
| 650 | _aFARMING BUSINESS | ||
| 650 | _aCOMPREHENSIVE SPENDING REVIEW | ||
| 690 | _aRURAL-AGRICULTURE AND FORESTRY | ||
| 942 | _n0 | ||
| 999 |
_c70522 _d70522 |
||